Normal view
MARC view
- आगलावे, प्रदीप आणि भगत, राहुल
Entry Personal Name
001 - CONTROL NUMBER
- control field: 216803
003 - CONTROL NUMBER IDENTIFIER
- control field: OSt
005 - DATE AND TIME OF LATEST TRANSACTION
- control field: 20260302120546.0
008 - FIXED-LENGTH DATA ELEMENTS
- fixed length control field: 260302|| aca||aabn | a|a d
040 ## - CATALOGING SOURCE
- Original cataloging agency: OSt
- Transcribing agency: OSt
100 ## - HEADING--PERSONAL NAME
- Personal name: आगलावे, प्रदीप आणि भगत, राहुल
670 ## - SOURCE DATA FOUND
- Source citation: Work cat.: (OSt)370539: आगलावे, प्रदीप आणि भगत, राहुल , सामाजशास्रातील मूलभूत संकल्पना आणि सामाजिक संस्थेतील परिवर्तने